Statistics for U.S. State Capitals With Coldest Recorded Tenperatures

Click here to take the quiz!

General Stats

  • This quiz has been taken 53 times
  • The average score is 6 of 10

Answer Stats

CapitalAnswer% Correct
-45*Bismarck
76%
-42*Helena
76%
-35*Pierre
76%
-38*Cheyenne
68%
-37*Madison
68%
-33*Augusta
66%
-34*Montpelier
61%
-37*Lansing
55%
-37*Concord
47%
-33*Lincoln
42%

Score Distribution

Percentile by Number Answered

Percent of People with Each Score

Your Score History

You have not taken this quiz